Kamus Perancis - Melayu = dictionnaire Francais- Malais

Bibliographic Details
Format: Book
Published: Kuala Lumpur : Dewan Bahasa dan Pustaka , 2001
Subjects:

MARC

LEADER 00000cam a2200000 7i4500
001 0000019400
005 20080617.0
008 080617
020 |a 9836253637 
090 0 0 |a 499.23341   |b KAM 
245 1 0 |a Kamus Perancis - Melayu = dictionnaire Francais- Malais 
260 |a Kuala Lumpur :   |b Dewan Bahasa dan Pustaka ,   |c 2001 
500 |a Judul : Dictionnaire Francais-Malais 
650 0 |a French language   |x Dictionaries   |x Malay 
650 0 |a Malay language   |x Dictionaries-French 
740 0 |a Dictionnaire Francais-Malais 
999 |a 0001024951   |b Book   |c REFERENCE   |e Perbadanan Perpustakaan Awam Johor